00362 a2200097 4500001001000000005001700010008004100027245010400068100002500172773006700197ART_3506120260410162005.0260409a 10aBreve análisis de los efectos de la ley con relación al tiempo en el Código Civil y Comercial1 aParrilli, Ernesto N.0 tTemas de derecho civilg- Año 1, Nº 1 (oct. 2015)wREV34778